00763nam a2200253 a 4500001001300000003000900013005001700022008004100039020001000080082001600090100001700106245006300123260006600186300000900252500003500261505001000296650002000306700001500326700001900341902000800360942000700368952011700375999001700492nice12345678IN_TiNIC20260116014822.0050524s2002 vada grp 000 0 eng  ac25000a305.42bKHA aKhanna, Renu aTowards Comprehensive Women`s Health Programmes and Policy aVadodra(gujarat)bSAHAJ, Society for Health Aternativesc2002 a583p aincludes index and biblioraphy2 aIndex aWomen-Sociology1 aMira Shiva1 aSarala Gopalan bSRS cBK 001040708StackRoom-aHMIbHMId2007-03-23g250.00l0o305.42 KHAp020394r2007-03-23v250.00w2005-05-24yBK c17122d17122